[Event "Prague Bohemians (Women)"]
[Site "Prague"]
[Date "1990.??.??"]
[Round "?"]
[White "Finegold, Gina Lynne"]
[Black "Gizynska, B."]
[Result "1/2-1/2"]
[WhiteElo "2025"]
[BlackElo "2230"]
[PlyCount "73"]
[EventDate "1990.01.??"]
[EventType "tourn"]
[EventRounds "11"]
[EventCountry "CZE"]
[SourceTitle "TD"]
[Source "ChessBase"]
[SourceDate "1994.03.01"]
[SourceVersion "1"]
[SourceVersionDate "1994.03.01"]
[SourceQuality "1"]

1. d4 Nf6 2. c4 e6 3. Nc3 d5 4. Bg5 Be7 5. e3 Nbd7 6. Nf3 0-0 7. Qc2 c6 8. cxd5 exd5 9. Bd3 Re8 10. 0-0 Nf8 11. Rab1 Be6 12. b4 a6 13. a4 Nh5 14. Bxe7 Qxe7 15. b5 axb5 16. axb5 Nf6 17. bxc6 bxc6 18. Na4 N6d7 19. Nb6 Nxb6 20. Rxb6 Rec8 21. Rxc6 Rxc6 22. Qxc6 Qa3 23. Ng5 Rb8 24. Nxe6 fxe6 25. Be2 Rb2 26. Bg4 Qe7 27. h3 Qf7 28. f4 g6 29. Ra1 Rb3 30. Kf2 Rb2+ 31. Be2 Qe7 32. g3 Qf7 33. Ra8 Qf5 34. Qe8 Rxe2+ 35. Kxe2 Qc2+ 36. Ke1 Qc1+ 37. Ke2 1/2-1/2

[Event "Prague Bohemians (Women)"]
[Site "Prague"]
[Date "1990.??.??"]
[Round "?"]
[White "Gizynska, B."]
[Black "Samardzic, Jasna"]
[Result "1/2-1/2"]
[WhiteElo "2230"]
[BlackElo "2150"]
[PlyCount "95"]
[EventDate "1990.01.??"]
[EventType "tourn"]
[EventRounds "11"]
[EventCountry "CZE"]
[SourceTitle "TD"]
[Source "ChessBase"]
[SourceDate "1994.03.01"]
[SourceVersion "1"]
[SourceVersionDate "1994.03.01"]
[SourceQuality "1"]

1. e4 c5 2. Nf3 e6 3. d4 cxd4 4. Nxd4 Nf6 5. Nc3 Bb4 6. Bd3 Nc6 7. Nxc6 dxc6 8. 0-0 e5 9. Bg5 h6 10. Bh4 Qe7 11. f4 Bxc3 12. bxc3 Qc5+ 13. Kh1 Ng4 14. Be2 Nf6 15. fxe5 Qxe5 16. Bxf6 gxf6 17. Rb1 b6 18. Bg4 Be6 19. Bxe6 fxe6 20. Rf3 Ke7 21. Qe2 Rad8 22. Qc4 c5 23. Qa6 Rd7 24. Rbf1 Rf8 25. Qe2 Qg5 26. Rg3 Qe5 27. Qe3 Qh5 28. Rg7+ Rf7 29. Rg3 Rd1 30. Rgf3 Rxf1+ 31. Rxf1 Qg5 32. Qe2 Rg7 33. Qf3 Rg6 34. Rg1 Qg4 35. Qd3 Rg5 36. Qa6 Rh5 37. g3 Qf3+ 38. Rg2 Qd1+ 39. Rg1 Qxc2 40. Qb7+ Kf8 41. Rg2 Qd1+ 42. Rg1 Qf3+ 43. Rg2 f5 44. Qb8+ Kf7 45. Qxa7+ Kf6 46. Qxb6 Qf1+ 47. Rg1 Qf3+ 48. Rg2 1/2-1/2

[Event "Prague Bohemians (Women)"]
[Site "Prague"]
[Date "1989.??.??"]
[Round "?"]
[White "Gizynska, B."]
[Black "Kawaciukova, Zuzana"]
[Result "1-0"]
[WhiteElo "2215"]
[BlackElo "2000"]
[PlyCount "81"]
[EventDate "1989.01.??"]
[EventType "tourn"]
[EventRounds "11"]
[EventCountry "CZE"]
[SourceTitle "EXT 1997"]
[Source "ChessBase"]
[SourceDate "1996.11.15"]
[SourceVersion "1"]
[SourceVersionDate "1996.11.15"]
[SourceQuality "1"]

1. e4 c5 2. Nf3 Nc6 3. Bb5 g6 4. 0-0 Bg7 5. Re1 e5 6. Bxc6 dxc6 7. d3 Bg4 8. h3 Bd7 9. Nbd2 Qe7 10. Nc4 f6 11. a4 Nh6 12. a5 0-0 13. Bd2 Be6 14. b3 Rfd8 15. Rb1 Nf7 16. Qc1 Rab8 17. Be3 Bf8 18. Nh2 Qc7 19. Bd2 Nd6 20. Nxd6 Bxd6 21. Nf1 Qe7 22. Ne3 b5 23. axb6 axb6 24. Nc4 Bxc4 25. dxc4 b5 26. cxb5 cxb5 27. c4 b4 28. Ra1 Ra8 29. Qc2 Qb7 30. f3 Ra6 31. Be3 Rda8 32. Rxa6 Rxa6 33. Rd1 Qc6 34. Qd3 Kf8 35. Qe2 Ra3 36. Qf2 Kf7 37. Rd3 Ra1+ 38. Kh2 f5 39. Rd5 f4 40. Bxc5 Bxc5 41. Qxc5 1-0

[Event "Prague Bohemians (Women)"]
[Site "Prague"]
[Date "1989.??.??"]
[Round "?"]
[White "Gizynska, B."]
[Black "Lauterbach, Ingrid"]
[Result "1-0"]
[WhiteElo "2215"]
[BlackElo "2170"]
[PlyCount "79"]
[EventDate "1989.01.??"]
[EventType "tourn"]
[EventRounds "11"]
[EventCountry "CZE"]
[SourceTitle "EXT 1997"]
[Source "ChessBase"]
[SourceDate "1996.11.15"]
[SourceVersion "1"]
[SourceVersionDate "1996.11.15"]
[SourceQuality "1"]

1. e4 d6 2. d4 Nf6 3. Nc3 g6 4. Nf3 Bg7 5. Be2 0-0 6. 0-0 c6 7. a4 a5 8. Be3 Ng4 9. Bg5 h6 10. Bh4 Na6 11. Nd2 Nf6 12. f4 Qb6 13. Nc4 Qc7 14. Ne3 Nb4 15. Kh1 Ne8 16. f5 g5 17. Bf2 Nf6 18. Bg3 Nd7 19. Qd2 c5 20. Ncd5 Nxd5 21. Nxd5 Qd8 22. c3 cxd4 23. cxd4 Nf6 24. Nxf6+ Bxf6 25. Rad1 Qc7 26. Rc1 Qd8 27. b3 Bg7 28. Bc4 e6 29. f6 Bxf6 30. Bxd6 Be7 31. Bxe7 Qxe7 32. e5 f5 33. exf6 Rxf6 34. Rxf6 Qxf6 35. Rf1 Qe7 36. Qd3 Kg7 37. Qe4 Ra7 38. Bd3 Kg8 39. Qg6+ Kh8 40. Rf7 1-0

[Event "Prague Bohemians (Women)"]
[Site "Prague"]
[Date "1989.??.??"]
[Round "?"]
[White "Modrova, Hana"]
[Black "Gizynska, B."]
[Result "0-1"]
[WhiteElo "2120"]
[BlackElo "2215"]
[PlyCount "76"]
[EventDate "1989.01.??"]
[EventType "tourn"]
[EventRounds "11"]
[EventCountry "CZE"]
[SourceTitle "EXT 1997"]
[Source "ChessBase"]
[SourceDate "1996.11.15"]
[SourceVersion "1"]
[SourceVersionDate "1996.11.15"]
[SourceQuality "1"]

1. d4 Nf6 2. Nf3 e6 3. Bg5 c5 4. e3 b6 5. Nbd2 Bb7 6. Bd3 Be7 7. 0-0 0-0 8. Qe2 Nc6 9. c3 d6 10. Rad1 Rc8 11. Bb1 Qc7 12. h4 g6 13. Bh6 Rfe8 14. Ng5 cxd4 15. exd4 e5 16. Ndf3 exd4 17. Ne6 Qd7 18. Ng7 Red8 19. h5 Bf8 20. Nf5 Nxh5 21. g4 Nf6 22. Bxf8 Kxf8 23. Ng5 Ne5 24. f3 gxf5 25. Bxf5 Qc6 26. Qh2 dxc3 27. Qh6+ Ke7 28. bxc3 Qxc3 29. Rde1 Ba6 30. Qg7 Rf8 31. Bxc8 Qxc8 32. Nxh7 Nxh7 33. Rxe5+ dxe5 34. Qxe5+ Qe6 35. Qc7+ Kf6 36. Qc3+ Qe5 37. Qc6+ Kg7 38. Rc1 Ng5 0-1

[Event "Prague Bohemians (Women)"]
[Site "Prague"]
[Date "1989.??.??"]
[Round "?"]
[White "Palatkova, Eliska"]
[Black "Gizynska, B."]
[Result "1/2-1/2"]
[WhiteElo "2000"]
[BlackElo "2215"]
[PlyCount "124"]
[EventDate "1989.01.??"]
[EventType "tourn"]
[EventRounds "11"]
[EventCountry "CZE"]
[SourceTitle "EXT 1997"]
[Source "ChessBase"]
[SourceDate "1996.11.15"]
[SourceVersion "1"]
[SourceVersionDate "1996.11.15"]
[SourceQuality "1"]

1. c4 Nf6 2. Nf3 e6 3. g3 d5 4. Bg2 Nc6 5. b3 Be7 6. 0-0 0-0 7. Bb2 Rb8 8. d3 Re8 9. a3 a5 10. Qc2 Bf8 11. d4 g6 12. Nbd2 Bg7 13. Rad1 Na7 14. Ne5 b6 15. Rc1 c6 16. cxd5 cxd5 17. Qc7 Rb7 18. Qxd8 Rxd8 19. Rc2 Ne8 20. Rfc1 f6 21. Nd3 Rb8 22. Bh3 Kf7 23. Nf3 Bd7 24. e3 Rdc8 25. Rxc8 Rxc8 26. Rxc8 Bxc8 27. Nd2 Bf8 28. Nb1 Bd6 29. Nc3 Ke7 30. Bf1 Bd7 31. f3 Nc7 32. Kf2 Ncb5 33. Nb1 Nc7 34. Ke1 Nc6 35. Nc3 e5 36. Nb1 exd4 37. exd4 Nb5 38. Nc3 Nxc3 39. Bxc3 Bxa3 40. Kd2 Bd6 41. Nb2 Na7 42. Bd3 Nb5 43. Na4 Nxc3 44. Nxc3 Bc6 45. Nb5 Be8 46. Ke3 Bb8 47. Kd2 Ke6 48. f4 Bd7 49. Nc3 Kd6 50. Nb5+ Kc6 51. Nc3 Bf5 52. Bb5+ Kd6 53. Ba4 Bh3 54. Ke3 Bg4 55. Kf2 Bh3 56. Kf3 h5 57. Be8 g5 58. Bxh5 Bd7 59. Bf7 g4+ 60. Ke3 Bc6 61. Bg6 Bd7 62. Bd3 f5 1/2-1/2